Biggest Cities in Saudi Arabia on the Map - Statistics

General Stats
  • This quiz has been taken 1,365 times
  • The average score is 8 of 20
Answers on the Map
Answers color-coded by a green-red scale on the quiz's map according to % correct below.
 
Answer Stats
Pop City % Correct
5.18 m Riyadh
98%
1.53 m Mecca
97%
3.43 m Jeddah
94%
1.10 m Medina
93%
903 k Dammam
77%
512 k Tabouk
41%
579 k Ta'if
39%
236 k Abha
36%
310 k Ha'il
35%
298 k Najran
30%
660 k Hofuf
28%
457 k Khobar
26%
467 k Buraidah
24%
233 k Yanbu
23%
167 k Arar
21%
337 k Jubail
21%
430 k Khamis Mushait
18%
234 k Al-Kharj
16%
271 k Hafar al-Batin
15%
152 k Unaizah
15%
No matching quizzes found
Score Distribution
Percent of People with Each Score
Percentile by Number Answered
Your Score History
You have not taken this quiz